ბათუმის შოთა რუსთაველის სახელმწიფო უნივერსიტეტის ბიბლიოთეკა

გადასახადები და აღრიცხვა :№17.2013 (ბიბ.ჩანაწერი № 41126)

000 -LEADER
fixed length control field 00893nam a2200205Ia 4500
001 - CONTROL NUMBER
control field 7776
003 - CONTROL NUMBER IDENTIFIER
control field GE_BSU
008 - FIXED-LENGTH DATA ELEMENTS--GENERAL INFORMATION
fixed length control field 181216s||||||||xx |||||||||||||| ||und||
040 ## - CATALOGING SOURCE
Transcribing agency GE_BSU
245 ## - TITLE STATEMENT
Title გადასახადები და აღრიცხვა :№17.2013
245 ## - TITLE STATEMENT
Remainder of title მეთოდურ-პრაქტიკული ჟურნალი :გამოდის თვეში ორჯერ.
245 ## - TITLE STATEMENT
Statement of responsibility, etc. მთ. რედ.: კოტე უბირია.
260 ## - PUBLICATION, DISTRIBUTION, ETC.
Place of publication, distribution, etc. თბილისი.
260 ## - PUBLICATION, DISTRIBUTION, ETC.
Name of publisher, distributor, etc. გამომცემელი: კომპანია "ჟურნალი გადასახადები და აღრიცხვა
260 ## - PUBLICATION, DISTRIBUTION, ETC.
Date of publication, distribution, etc. 2013.
300 ## - PHYSICAL DESCRIPTION
Extent 54გვ;28სმ.
653 ## - INDEX TERM--UNCONTROLLED
Uncontrolled term გადასახადები და აღრიცხვა.
653 ## - INDEX TERM--UNCONTROLLED
Uncontrolled term პერიოდიკა
942 ## - ADDED ENTRY ELEMENTS (KOHA)
Koha item type პერიოდიკა
ეგზემპლარები
Withdrawn status Lost status Damaged status Not for loan Date acquired Barcode Date last seen Price effective from Koha item type
        2018-12-17 p75820 2018-12-17 2018-12-17 პერიოდიკა